000 00614cam a22001937a 4500
001 000008306
005 20200929161326.0
008 010409s2000 gt 000 0 spa
010 _a2001354545
020 _a9992200677
040 _aDO-SdBNP
_cDLC
050 0 0 _aMLCS 2001/00691 (P)
100 1 _aCuevas Molina, Rafael,
_d1954-
_922458
245 1 4 _aLos rastros de mi deseo /
_cRafael Cuevas Molina.
260 _aGuatemala :
_bEditorial Cultura,
_cc2000.
300 _a108 p. ;
_c22 cm.
490 0 _aColeccion Novela guatemalteca. Serie Miguel Angel Asturias ;
_vno. 25
910 _aCatalogación por copia / LC
999 _c8077
_d8077